| 000 | 00649nam a22001937a 4500 | ||
|---|---|---|---|
| 003 | OSt | ||
| 005 | 20251106061705.0 | ||
| 008 | 251106b |||||||| |||| 00| 0 eng d | ||
| 020 | _a 978-621-427-060-4 | ||
| 040 |
_aDWCL-Main lib _cOC |
||
| 082 | _aFil. 658 M314s 2020 | ||
| 100 | _aMarcelo, Danilo F. | ||
| 245 |
_a Strategic management/ _cDanilo F. Marcelo |
||
| 260 |
_aManila, Philippines : _b Unlimited books library services & publishing inc., _cc2020. |
||
| 300 |
_a x, 200 pages : _b illustrations; _c25cm. |
||
| 504 | _aIncludes bibliographical references | ||
| 650 | _a1. Strategic management | ||
| 942 |
_2ddc _cBK-FIL _kFil. _n0 |
||
| 999 |
_c5591 _d5591 |
||